The Code of Civil Procedure Vol.1-3 (Record no. 673215)

MARC details
000 -LEADER
fixed length control field 00401nam a2200157Ia 4500
008 - FIXED-LENGTH DATA ELEMENTS--GENERAL INFORMATION
fixed length control field 230717s9999 xx 000 0 und d
020 ## - INTERNATIONAL STANDARD BOOK NUMBER
International Standard Book Number 9789350359594
041 ## - LANGUAGE CODE
Language code of text/sound track or separate title eng
082 ## - DEWEY DECIMAL CLASSIFICATION NUMBER
Classification number 347
Item number ROW
100 ## - MAIN ENTRY--PERSONAL NAME
Personal name Row Sanjiva
245 ## - TITLE STATEMENT
Title The Code of Civil Procedure Vol.1-3
250 ## - EDITION STATEMENT
Edition statement 6th Ed.
260 ## - PUBLICATION, DISTRIBUTION, ETC.
Place of publication, distribution, etc. Gurgaon
Name of publisher, distributor, etc. Lexis Nexis
Date of publication, distribution, etc. 2017
300 ## - PHYSICAL DESCRIPTION
Extent 1060+1350+1379 pgs.
700 ## - ADDED ENTRY--PERSONAL NAME
Personal name Gupta Sriniwas
Holdings
Withdrawn status Lost status Damaged status Not for loan Collection Home library Current library Shelving location Date acquired Cost, normal purchase price Total Checkouts Total Renewals Full call number Barcode Date last seen Date last checked out Price effective from Koha item type
        NLP LL.B New Law College, Pune New Law College, Pune NLP-Rack No-10 31/03/2017 1665.00 1 1 347 ROW NLP-N32863 30/08/2025 07/08/2025 17/07/2023 Book
        NLP LL.B New Law College, Pune New Law College, Pune NLP-Rack No-10 31/03/2017 1665.00     347 ROW NLP-N32864 17/07/2023   17/07/2023 Book
        NLP LL.B New Law College, Pune New Law College, Pune NLP-Rack No-10 31/03/2017 1665.00     347 ROW NLP-N32865 17/07/2023   17/07/2023 Book